Truyện Anđécxen : t.IV /

Shranjeno v:
Bibliografske podrobnosti
Những tác giả chính: Nguyễn Văn Hải, Vũ Minh Toàn
Format: Sách giấy
Jezik:Vietnamese
Izdano: Hà Nội : Văn học , 1994
Oznake: Označite
Brez oznak, prvi označite!
Thư viện lưu trữ: Thư viện Trường Đại học Đà Lạt
LEADER 00659nam a2200265 4500
001 DLU020011772
005 ##5/17/2000
020 # # |a 978- 
041 # # |a vie 
082 # # |a 848.93  |b AN-H 
090 # # |a 848.93  |b AN-H 
100 # # |a Nguyễn Văn Hải 
100 # # |a Vũ Minh Toàn 
245 # # |a Truyện Anđécxen :  |b t.IV /  |c Nguyễn Văn Hải, Vũ Minh Toàn, Anđécxen Hans Christian 
260 # # |a Hà Nội :  |b Văn học ,  |c 1994 
300 # # |a 239 tr.;   |c 15 cm. 
992 # # |a 7500 
994 # # |a DLU 
900 # # |a False 
911 # # |a Administrator 
925 # # |a G 
926 # # |a A 
927 # # |a SH 
980 # # |a Thư viện Trường Đại học Đà Lạt